1202 1486 1609 1467 1553 1246 1769 1036 1696 1745 1342 1795 1516 1622 1766 1454 1639 1565 1650 1273 1770 1487 1314 1991 1733 1446 1526 1378 1931 1261 1443 1666 1656 1329 1261 1508 1122 1571 1519 1446 1297 1326 1132 1865 1704 1760 1841 1229 1656 1801 1160 1949 1303 1719 1080 1073 1056 1200 1103 1251 1191 1954 1437 1528 1741 1009 1638 1183 1476 1763 1067 1935 1236 1313 1201 1146 1576 1424 1284 1104 1280 1926 1071 1860 1012 1104 1459 1204 1175 1035 1081 1768 1283 1671 1143 1592 1890 1342 1628 BCNSPRNW ULIB Ver.6.0+V

เปลี่ยนเป็นภาษาไทย

Change to English
 แสดงรายละเอียดบรรณานุกรม
  กลับหน้าหลัก

Brief Record : Get Marc (ISO 2709) : E-mail record : QR code < ปิดหน้าต่าง
LEADER : 00000nam 2200000uu 4500
001    13399111322
003     ULIB
008    110622s||||||||th 000 0 tha d
020    9748791327
050 04 BF721^bก864อ 2544
100 0  เกียรติวรรณ อมาตยกุล
245 10 อยู่กับเด็กๆ /^cเกียรติวรรณ อมาตยกุล
250    พิมพ์ครั้งที่ 1
260    กรุงเทพฯ :^bที.พี.พริ้นท์,^c2544
300    94 หน้า :^bภาพประกอบ ;^c21 ซม
505 1  ไปวิ่งมินิมาราธอนกับเด็ก ๆ -- มรดกร้อยล้าน : นิสัยที่ดี -- ฉันคือใคร --ชีวิตที่ (ไม่) เป็นระบบ -- นิสัยคิดด้านบวก -- เรื่องของ EQ และ IQ
650  7 เด็ก^xการดูแล
650  7 ความฉลาดทางอารมณ์
945    ^p55^l0^i017089
995    ทศพร
999 ^a ใช้งานได้ทุกระบบ
รายการนี้ยังไม่มีแท็ก
คุณยังไม่ได้ล็อกอิน คุณสามารถมีกิจกรรมร่วมกับเว็บไซต์ได้ แต่ต้องล็อกอินก่อน ::
  ล็อกอิน

รายการสื่อสารสนเทศ

ลำดับที่ ประเภท เลขเรียก/บาร์โค้ด สถานที่ สถานะ
- ไม่พบข้อมูล -

รายการใกล้เคียง
    ผู้แต่ง [เกียรติวรรณ อมาตยกุล]

    หัวเรื่อง [เด็ก การดูแล]
    หัวเรื่อง [ความฉลาดทางอารมณ์]

BibComment


ยังไม่เคยถูกคอมเมนท์

คอมเมนท์ทรัพยากรรายการนี้
  คอมเมนท์: อยู่กับเด็กๆ เกี..


 Copyright 2026. Bcnsprnw @Library